| 000 | 01510nam a2200253Ia 4500 | ||
|---|---|---|---|
| 003 | Ost | ||
| 005 | 20260507075050.0 | ||
| 008 | 260507s9999||||xx |||||||||||||| ||und|| | ||
| 020 | _a9960245209 | ||
| 040 | _cfsecg | ||
| 041 | _aara | ||
| 100 |
_aكيندال، بيني _eمؤلف |
||
| 245 | 0 |
_aتحليل وتصميم النظم : _bمنهج مهيكل / _c بيني كيندال |
|
| 260 |
_aالرياض: _bدار المريخ للنشر, _c2002 |
||
| 300 |
_a797 صفحة؛ _bإيضاحات ؛ _c24 سم |
||
| 504 | _aكشاف مصطلحات ص. 755 الملاحق ص. 631 | ||
| 520 | _aالمفاهيم-التحليل-مرحلة التحليل-أساليب جمع الحقائق-قاموس البيانات-رسومات تدفق البيانات-وصف العملية-تعريف قاعدة البيانات-نمذجة النظام-إتمام مرحلة التحليل-التصميم-مرحلة التصميم-خرائط الهيكل-منهجية التصميم-السطح البيني للمستخدم-إتمام مرحلة التصميم-التشييد والصيانة-الأنشطة الكاملة لدورة الحياة-تخطيط المشروع،ومراقبته-الاتصالات ما بين الأفراد | ||
| 653 | _aالبيانات | ||
| 653 | _aتصميم النظم | ||
| 653 | _aمعالجة آلية | ||
| 700 |
_aسرور، علي إبراهيم سرور _eمؤلف ثانوي |
||
| 700 |
_aعبد الرحمن، محمد يحي _eمؤلف ثانوي |
||
| 942 | _cكتاب | ||
| 999 |
_c42628 _d42628 |
||